Detalles MARC
| 000 -CABECERA |
| campo de control de longitud fija |
01046nam a2200193 a 4500 |
| 001 - NÚMERO DE CONTROL |
| campo de control |
000032740 |
| 005 - FECHA Y HORA DE LA ÚLTIMA TRANSACCIÓN |
| campo de control |
20200930065815.0 |
| 008 - DATOS DE LONGITUD FIJA--INFORMACIÓN GENERAL |
| campo de control de longitud fija |
090729 1936 dr 000 0 spa d |
| 040 ## - FUENTE DE LA CATALOGACIÓN |
| Centro catalogador/agencia de origen |
DO-SdBNP |
| Lengua de catalogación |
spa |
| Centro/agencia transcriptor |
BNPHU |
| 082 ## - NÚMERO DE LA CLASIFICACIÓN DECIMAL DEWEY |
| Número de clasificación |
xxxx |
| Número de documento/Ítem |
R426l |
| 049 ## - FONDOS LOCALES (OCLC) |
| Fondos de biblioteca |
BNPD |
| 110 1# - ENTRADA PRINCIPAL--NOMBRE DE ENTIDAD CORPORATIVA |
| Nombre de entidad corporativa o nombre de jurisdicción como elemento de entrada |
República Dominicana. |
| 9 (RLIN) |
447 |
| 240 10 - TÍTULO UNIFORME |
| Título uniforme |
[Leyes, etc.] |
| 245 10 - MENCIÓN DE TÍTULO |
| Título |
Leyes de rentas internas : |
| Resto del título |
cuya aplicación esta a cargo de las Aduanas de la República. |
| 250 ## - MENCIÓN DE EDICIÓN |
| Mención de edición |
6a ed.l |
| 260 ## - PUBLICACIÓN, DISTRIBUCIÓN, ETC. |
| Lugar de publicación, distribución, etc. |
Ciudad Trujillo : |
| Nombre del editor, distribuidor, etc. |
Receptoría General de Aduana, |
| Fecha de publicación, distribución, etc. |
1936. |
| 300 ## - DESCRIPCIÓN FÍSICA |
| Extensión |
148 p. ; |
| Dimensiones |
23 cm. |
| 505 0# - NOTA DE CONTENIDO CON FORMATO |
| Título |
La ley 854, impuesto sobre venta, uso y consumo, con sus modificaciones -- |
| -- |
Ley 949, impuesto especial de alcoholes y gasolina -- |
| -- |
Ley sobre derechos consulares -- |
| -- |
Ley de impuesto sobre carga, etc. -- |
| -- |
Ley sobre impuesto de acueducto -- |
| -- |
Ley sobre derechos de puerto -- |
| -- |
Ley de impuesto sobre documentos -- |
| -- |
Ley sobre inspección de cemento -- |
| -- |
Ley de impuesto sobre sal -- |
| -- |
Ley de impuesto sobre arroz -- |
| -- |
Ley de impuesto sobre harinas -- |
| -- |
Índice de las leyes 854 y 949. |